000 00602nam a22001937a 4500
005 20251108175745.0
008 250721s2012 xx 000 0 ara d
082 1 4 _aط/ق/هار
100 1 _aهارغريفز، روجر
_eمؤلف
245 1 0 _aالسيد مثالي /
264 1 _aبيروت :
_bهاشيت أنطوان ش.م.ل .،
_c2012.
300 _a)31(ص.
650 1 7 _aادب الاطفال
650 1 7 _aالقصص القصيرة
653 _aاطفال مرحلة متوسطة (6-9) سنوات
700 1 _aغصن، غسان
_eمترجم
942 _2ddc
_cBK
999 _c141669
_d141669